Statistics for Footballers (Soccer Players) A-Z

Click here to take the quiz!

General Stats

  • This quiz has been taken 452 times
  • The average score is 18 of 26

Answer Stats

LetterCurrent ClubHintName% Correct
ALiverpoolBrazilian goalkeeperAlisson
94%
BReal MadridBallon D'or 2022 contenderKarim Benzema
92%
EMan CityBrazilian goalkeeperEderson
89%
RMan UnitedSiuuu!Cristiano Ronaldo
86%
MPSGOne of the GOATsLionel Messi
84%
NPSGBrazilian winger, known for his dribblingNeymar Jr.
84%
SLiverpoolEgyptian KingMohamed Salah
83%
DMan CityMan City attacking midfielderKevin de Bruyne
80%
HReal MadridGreat at Chelsea, Real Madrid flopEden Hazard
77%
CJuventusBitten by Suarez in 2014Giorgio Chiellini
72%
OAtletico MadridHighest rating keeper in FIFA 22Jan Oblak
71%
PMan UnitedFrench Midfielder, came for £89 millionPaul Pogba
70%
LBayern MunichSix time Bundesliga Golden BootRobert Lewandowski
70%
VLiverpool2nd most expensive defenderVirgil van Dijk
70%
GMan City£100 Million to Man City in 2021Jack Grealish
68%
ILazioItalian strikerCiro Immobile
64%
XArsenalSwiss defensive midfielderGranit Xhaka
64%
WMan CityEnglish right-back, came from SpursKyle Walker
64%
KChelseaWon Premier League with LeicesterN'Golo Kante
63%
UBarcelonaFrench defender, won 2018 World CupSamuel Umtiti
60%
FLiverpoolWon Ligue 1 with MonacoFabinho
58%
ZChelseaMoroccan attacker, came from AjaxHakim Ziyech
56%
JChelseaRanked #3 in 2021 Ballon D'orJorginho
55%
TLiverpoolWon UCL with Barca and BayernThiago
49%
YWest HamUkrainian winger, 2nd most capped UkrainianAndriy Yarmolenko
31%
QSampdoria39 year old ItalianFabio Quagliarella
28%

Score Distribution

Percentile by Number Answered

Percent of People with Each Score

Your Score History

You have not taken this quiz